| 000 | 00509nam a22001577a 4500 | ||
|---|---|---|---|
| 999 |
_c15944 _d15944 |
||
| 003 | AR-CdUCM | ||
| 008 | 190430b ||||| |||| 00| 0 spa d | ||
| 040 |
_aMUNICIPALIDAD PROVINCIAL DEL CUSCO _cBIBLIOTECA MUNICIPAL DEL CUSCO |
||
| 082 |
_aC / 303.609 / _bC947 |
||
| 245 | _a118 de combate cronologĂa de a heroica lucha del magisterio peruano / | ||
| 260 |
_aLima : _bSute. _c1979. |
||
| 300 |
_a36 páginas ; _c21 cm. |
||
| 505 | _a4 de junio --Julio -- Huelga... | ||
| 942 |
_2ddc _cFOLLETOS |
||
| 945 | _awfj | ||